Restructuring Europe (Record no. 622618)

MARC details
000 -LEADER
fixed length control field 00587nam a22001817a 4500
008 - FIXED-LENGTH DATA ELEMENTS--GENERAL INFORMATION
fixed length control field 260506b |||||||| |||| 00| 0 eng d
020 ## - INTERNATIONAL STANDARD BOOK NUMBER
ISBN 9780199231874
Paper back/Hardbound pbk
041 ## - LANGUAGE CODE
Language code of text/sound track or separate title eng
082 ## - DEWEY DECIMAL CLASSIFICATION NUMBER
Classification number 341.2422 BAR
100 ## - MAIN ENTRY--AUTHOR NAME
Personal name Bartolini, Stefano
245 ## - TITLE STATEMENT
Title Restructuring Europe
Sub Title Centre formation, system building, and political structuring between the nation state and the European Union
Statement of responsibility, etc Stefano Bartolini
260 ## - PUBLICATION, DISTRIBUTION, ETC. (IMPRINT)
Place of publication New York
Name of publisher Oxford University Press
Year of publication 2005
300 ## - PHYSICAL DESCRIPTION
Number of Pages 415p. :
Dimensions 25cm
504 ## - BIBLIOGRAPHY, ETC. NOTE
Bibliography, etc Includes index
650 ## - SUBJECT ADDED ENTRY--TOPICAL TERM
Topical Term Law of nations
942 ## - ADDED ENTRY ELEMENTS (KOHA)
Koha item type English Books
Holdings
Withdrawn status Lost status Damaged status Not for loan Home library Current library Shelving location Date acquired Full call number Accession Number Price effective from Koha item type
        Anna Centenary Library Anna Centenary Library 4TH FLOOR, A WING 14.08.2010 341.2422 BAR 152671 06.05.2026 English Books

Find us on the map